Filme anhand von Bildern erkennen - Statistiken

Allgemein
  • Dieses Quiz wurde 112 mal gespielt
  • Das Durchschnittsergebnis liegt bei 7 aus 20
Antwortstatistiken
Bildquiz Antwort % Korrekt
Inception
75%
The Green Mile
73%
Pulp Fiction
66%
The Shining
64%
Forrest Gump
54%
Se7en
52%
The Wolf of Wall Street
51%
The Dark Knight
44%
Catch me if you can
38%
Inglourious Basterds
34%
Die Verurteilten
32%
Shutter Island
31%
Taxi Driver
25%
Good Will Hunting
23%
Revenge of the Sith
23%
Once Upon a Time in Hollywood
21%
Fight Club
14%
GoodFellas
9%
American Psycho
6%
Prisoners
5%
Keine übereinstimmenden Quizze gefunden
Verteilung der Resultate
Anzahl Personen mit jedem Resultat
Perzentil nach korrekt beantworteten Fragen
Ihre Resultats-Entwicklung
Sie haben dieses Quiz noch nicht gespielt